Goosebumps Titles: Real or Fake? Quiz Stats

 Plays Quiz Updated Oct 25, 2015

Also try: Goosebumps Series
Challenge
Share
Tweet
Embed
Score 0/15 Timer 06:00
1 Play Today
% Correct
Say Cheese and Die!
84.5%
Stay Out of the Basement
83.3%
It Came from Beneath the Sink!
80.5%
The Girl Who Cried Monster
79.7%
Revenge of the Lawn Gnomes
79.4%
How I Got My Shrunken Head
77%
The Scarecrow Walks at Midnight
76.6%
My Best Friend Is Invisible
76%
% Correct
Piano Lessons Can Be Murder
75%
Attack of the Jack-O'-Lanterns
73.5%
Phantom of the Auditorium
73.2%
The Abominable Snowman of Pasadena
69.5%
Why I'm Afraid of Bees
65.5%
Ghost Beach
62.3%
Egg Monsters from Mars
56.9%

You're not logged in!

Compare scores with friends on all Sporcle quizzes.
Join for Free
OR
Log In

You Might Also Like...

Show Comments

Extras

Top Quizzes Today


Score Distribution

Your Account Isn't Verified!

In order to create a playlist on Sporcle, you need to verify the email address you used during registration. Go to your Sporcle Settings to finish the process.

Report this User

Report this user for behavior that violates our Community Guidelines.

Details: